Housing and land development in madras metropolitan areas (Record no. 413853)

000 -LEADER
fixed length control field 00501cam a22001577a 4500
008 - FIXED-LENGTH DATA ELEMENTS--GENERAL INFORMATION
fixed length control field 180718b1979 xxu||||| |||| 00| 0 eng d
082 ## - DEWEY DECIMAL CLASSIFICATION NUMBER
Classification number XAx5452 Op2
245 ## - TITLE STATEMENT
Title Housing and land development in madras metropolitan areas
Statement of responsibility, etc. by Operations Research Group
260 ## - PUBLICATION, DISTRIBUTION, ETC.
Place of publication, distribution, etc. Madras
Name of publisher, distributor, etc.
Date of publication, distribution, etc. 1979
300 ## - PHYSICAL DESCRIPTION
Extent 80p
650 ## - SUBJECT ADDED ENTRY--TOPICAL TERM
Topical term or geographic name entry element MAdras Metropolitan Development Authority.
650 ## - SUBJECT ADDED ENTRY--TOPICAL TERM
Topical term or geographic name entry element MAdras city
650 ## - SUBJECT ADDED ENTRY--TOPICAL TERM
Topical term or geographic name entry element City planning - India - Madras
650 ## - SUBJECT ADDED ENTRY--TOPICAL TERM
Topical term or geographic name entry element Local Planning - India - Madras
700 ## - ADDED ENTRY--PERSONAL NAME
Personal name Tamilnadu.
Holdings
Withdrawn status Lost status Damaged status Not for loan Permanent Location Current Location Date acquired Full call number Barcode Date last seen Price effective from Koha item type
        Indian Institute of Public Administration Indian Institute of Public Administration 2009-02-19 XAx5452 Op2 D1705 2018-07-21 2018-07-21 D

Powered by Koha